000 00682nam a22002417a 4500
001 95309
003 UA-OsUOA
005 20220222094850.0
007 ta
008 20130227b un ||||| |||| 00| 0 ukr d
040 _aUA-OsUOA
_brus
_cUA-OsUOA
_dUA-OsUOA
041 _arus
080 _a821.133.1
090 _a821.133.1
_bБ21
100 _aБальзак О.
245 _aСобрание сочинений в 10 т.
260 _aМ.
_bХудожественная литература
_c1984
300 _a493 с.
505 _gТ. 6
_tЧеловеческая комедия
650 7 _a821 Художня література
_2UDC
942 _cBK
_2udc
955 _a3
999 _c381556
_d381556